000 00957cam a2200313 i 4500
999 _c200001316
_d34485
001 200001316
003 TR-AnTOB
005 20240829130942.0
007 ta
008 111206s2010 tu 000 0
020 _a9789757100188
_qhardback
040 _aTR-AnTOB
_beng
_erda
_cTR-AnTOB
041 0 _atur
050 1 4 _aKKX3800
_b.H345 2010
090 _aKKX3800
_b.H345 2010
100 1 _aHafızoğulları, Zeki
_eauthor
_9106158
245 1 0 _aTürk Ceza Hukuku genel hükümler /
_cZeki Hafızoğulları, Muharrem Özen.
264 1 _aAnkara:
_bUs-A Yayıncılık,
_c2010
300 _axxxiv, 558 pages ;
_c24 cm
336 _atext
_btxt
_2rdacontent
337 _aunmediated
_bn
_2rdamedia
338 _avolume
_bnc
_2rdacarrier
650 0 _aCriminal law
_zTurkey
_xTurkey
_939535
650 7 _aCeza hukuku
_zTürkiye
_2etuturkob
_948989
700 1 _aÖzen, Muharrem,
_d1964-
_eauthor
_9121502
942 _cBK
_2lcc